000 00235nam a22000857a 4500
008 161018b xxu||||| |||| 00| 0 eng d
100 _9888
_aDass.H.K.etal
245 _aMathematics term II-IX
260 _aNew Delhi
_bS. Chand Publications
_c2011
999 _c3541
_d3541